Contrato de arrendamiento: bienes raíces urbanos
Saved in:
| Main Author: | |
|---|---|
| Format: | Book |
| Language: | Spanish |
| Published: |
Santiago
Ediciones DER
2017
|
| Edition: | 1a. ed |
| Series: | Manuales
|
| Subjects: | |
| Tags: |
Add Tag
No Tags, Be the first to tag this record!
|
MARC
| LEADER | 00000cam a2200000 a 4500 | ||
|---|---|---|---|
| 001 | UCC2545 | ||
| 003 | CL-VaPUC | ||
| 008 | 180309e20170000cl |||||||||||||||||spa|d | ||
| 020 | |a 9789569959110 | ||
| 082 | 0 | 4 | |a 346.043 |b COR |2 21 |
| 100 | 0 | |a Cornejo Aguilera, Pablo Andrés |e author |9 596608 | |
| 245 | 1 | 0 | |a Contrato de arrendamiento: bienes raíces urbanos |
| 250 | |a 1a. ed | ||
| 300 | |a 310 p | ||
| 942 | |c BK | ||
| 945 | |d 20180309 22:06:00 |a dcastane | ||
| 260 | |a Santiago |b Ediciones DER |c 2017 | ||
| 650 | 0 | |a Arrendamiento |9 257654 | |
| 650 | 0 | |a Arredamiento de bienes raíces |9 561931 | |
| 650 | 0 | |a Bienes raíces |9 307158 | |
| 650 | 0 | |a Derecho comercial |9 256340 | |
| 650 | 0 | |a Código de comercio |9 329302 | |
| 583 | |a last modification |c 20180309 22:06:00 |k Rodrigo Vera | ||
| 490 | 0 | |a Manuales | |
| 999 | |c 370623 |d 370621 | ||
| 952 | |0 0 |1 0 |3 erb |4 0 |6 346_043000000000000_COR_2017 |7 0 |8 A |9 487175 |a BIBDER |b BIBDER |i 5453720 |l 4 |m 3 |o 346.043 COR 2017 |p 5453720 |r 2024-07-29 |s 2024-07-19 |w 2019-11-24 |y BK |z Catalogado en:20180309 |k DER | ||